| 000 | 01163nam a22002775a 4500 | ||
|---|---|---|---|
| 999 |
_c27540 _d27511 |
||
| 003 | EG-ScBUE | ||
| 005 | 20190617105704.0 | ||
| 008 | 190617s2018 ua grb 000 0 ara d | ||
| 017 | _a2017 / 27771 | ||
| 020 | _a9789772052417 | ||
| 040 |
_aEG-ScBUE _bara _cEG-ScBUE _dEG-ScBUE |
||
| 043 | _af-ua--- | ||
| 082 | 0 | 4 |
_a297.272 _bب ي و _222 |
| 100 | 1 |
_aبيومي، محمد رجب، _d1923-2011. |
|
| 245 | 1 | 0 |
_aفصول من كتاب الأزهر بين السياسة وحرية الفكر / _cتأليف محمد رجب البيومي ؛ إشراف محيي الدين عفيفي أحمد. |
| 260 |
_aالقاهرة : _bالأزهر الشريف، مجمع البحوث الإسلامية، _c2018. |
||
| 300 |
_a160 ص. ؛ _c24 سم. |
||
| 490 | 0 |
_aسلسلة مجمع البحوث الإسلامية ؛ _v49 |
|
| 541 |
_aDr. Noha Gamal ; _cDonation ; |
||
| 610 | 2 | 7 |
_aجامع الأزهر _xتاريخ. _2BUEsh |
| 650 | 7 |
_aالإسلام والسياسة. _2BUEsh |
|
| 651 | 7 |
_aمصر _xالحياة الفكرية. _2BUEsh _922201 |
|
| 653 |
_bGGEN _cJune2019 |
||
| 700 | 1 |
_aأحمد، محيي الدين عفيفي، _eمشرف. |
|
| 942 | _2ddc | ||